[Event "Chigorin Memorial 2019"]
[Site "St Petersburg RUS"]
[Date "2019.10.05"]
[Round "1.173"]
[White "Sinitsina, Anastassia"]
[Black "Starkov, Alexandr"]
[Result "1-0"]
[WhiteTitle "WFM"]
[WhiteElo "2163"]
[BlackElo "1453"]
[WhiteFideId "4504640"]
[BlackFideId "54146763"]
[EventDate "2019.10.05"]

1. Nf3 Nf6 2. c4 g6 3. b3 Bg7 4. Bb2 O-O 5. g3 d6 6. d4 c5 7. Bg2 cxd4 8. Nxd4
a6 9. O-O Qc7 10. Nc3 Nc6 11. Rc1 Nxd4 12. Qxd4 Rb8 13. Rfd1 Qc5 14. Nd5 Qxd4
15. Nxe7+ Kh8 16. Bxd4 Re8 17. Nxc8 Rbxc8 18. Bxb7 Rc7 19. Bf3 d5 20. cxd5 Rd7
21. Bb2 Kg8 22. Rc6 Ra7 23. Bxf6 1-0

[Event "Chigorin Memorial 2019"]
[Site "St Petersburg RUS"]
[Date "2019.10.05"]
[Round "1.174"]
[White "Makhramov, Bekhzod"]
[Black "Rudovskii, Filipp"]
[Result "0-1"]
[WhiteElo "1420"]
[BlackElo "2120"]
[WhiteFideId "14212803"]
[BlackFideId "54121299"]
[EventDate "2019.10.05"]

1. e4 c5 2. Nf3 e6 3. c4 Nc6 4. Nc3 Nf6 5. d3 d5 6. Bf4 Be7 7. Be2 O-O 8. O-O b6
9. h3 Bb7 10. e5 Ne8 11. Nh2 f6 12. Bg4 f5 13. Bf3 d4 14. Ne2 g5 15. Bd2 Qc7 16.
Qc1 Nxe5 17. Bxb7 Qxb7 18. Bxg5 Nxd3 19. Qd2 Bxg5 20. Qxd3 Nd6 21. Qg3 Ne4 22.
Qf3 Qf7 23. Qd3 Rae8 24. f4 Bf6 25. g4 Nd6 26. b3 e5 27. fxe5 Rxe5 28. Rf3 Qe8
29. Ng3 f4 30. Nh5 Re3 31. Qf1 Be5 32. Qg2 d3 33. Rd1 Re2 34. Qf1 Bd4+ 35. Kh1
Qe4 36. g5 d2 37. Nf6+ Bxf6 0-1

[Event "Chigorin Memorial 2019"]
[Site "St Petersburg RUS"]
[Date "2019.10.05"]
[Round "1.175"]
[White "Kotlyar, Anfisa"]
[Black "Bajaramov, Elvin"]
[Result "1/2-1/2"]
[WhiteElo "1118"]
[BlackElo "1881"]
[WhiteFideId "24216291"]
[BlackFideId "24142514"]
[EventDate "2019.10.05"]

1. e4 c5 2. Nf3 Nc6 3. Bb5 Nf6 4. e5 Nd5 5. Bxc6 bxc6 6. d3 Rb8 7. O-O g6 8.
Nbd2 Bg7 9. Ne4 Qb6 10. Rb1 a5 11. c4 Nc7 12. Be3 Ne6 13. a3 d5 14. cxd5 cxd5
15. Nxc5 Nxc5 16. b4 Qc7 17. Bxc5 O-O 18. Re1 f6 19. exf6 Bxf6 20. Qb3 axb4 21.
Qxd5+ Kh8 22. axb4 Bb7 23. Qe6 Bxf3 24. gxf3 Qf4 25. Qe4 Bg5 26. Qxf4 Rxf4 27.
Bxe7 Bxe7 28. Rxe7 Rxf3 29. Re3 Rf4 30. Re4 Rf3 31. d4 Rbf8 32. Re2 Rd3 33. Re4
Rd8 34. Kg2 R3xd4 35. Rxd4 Rxd4 36. b5 Rd7 37. b6 Rb7 38. Rb2 Kg7 39. Kf3 Kf7
40. Ke4 Ke7 41. Kd5 Kd7 42. Kc5 Kc8 43. Kc6 Rf7 44. b7+ Kb8 45. Rd2 Rc7+ 46. Kd6
Rxb7 47. Ke6 Kc8 48. Kf6 Rb3 49. h4 Rb4 50. Kg5 Rb5+ 51. Kh6 Rh5+ 52. Kg7 Rxh4
53. f3 Rh3 54. Rf2 Kd7 55. Kf6 Ke8 56. f4 Kf8 57. f5 Rh6 58. Kg5 Rh5+ 59. Kf6
Rh6 60. Kg5 Rh5+ 61. Kf6 gxf5 62. Rxf5 Rh1 63. Kg5+ Kg7 64. Kg4 Kg6 65. Rf2 h5+
66. Kg3 Kg5 67. Kg2 Rh4 68. Kg1 Ra4 69. Rd2 Kf4 70. Rf2+ Ke3 71. Rh2 h4 72. Rg2
Ra1+ 73. Kh2 1/2-1/2

[Event "Chigorin Memorial 2019"]
[Site "St Petersburg RUS"]
[Date "2019.10.06"]
[Round "2.1"]
[White "Rudenko, Naum"]
[Black "Kovalenko, Igor"]
[Result "0-1"]
[WhiteTitle "FM"]
[BlackTitle "GM"]
[WhiteElo "2286"]
[BlackElo "2674"]
[WhiteFideId "34146072"]
[BlackFideId "14117908"]
[EventDate "2019.10.05"]

1. e4 e6 2. d4 d5 3. Nc3 Bb4 4. Bd3 dxe4 5. Bxe4 Nf6 6. Bf3 O-O 7. Ne2 Nbd7 8.
O-O Qe7 9. a3 Bd6 10. Ng3 Rd8 11. Re1 Rb8 12. Nf5 Qf8 13. Nxd6 cxd6 14. Bf4 a6
15. Ne4 Nxe4 16. Bxe4 b5 17. Re3 f5 18. Bc6 Nf6 19. Qe1 Rb6 20. Bf3 Bd7 21. Qb4
h6 22. h4 Rc8 23. Rc3 Rxc3 24. Qxc3 Qb8 25. Re1 Kf7 26. Qb4 Qc7 27. Re3 Qb8 28.
Re1 Bc8 29. Qa5 Kg6 30. b3 Kh7 31. c4 bxc4 32. bxc4 Rb1 33. c5 Qb2 34. Bxd6 Bb7
35. c6 Bxc6 36. Bxc6 Ng4 37. Bg3 Qxa3 38. Qd2 Qa2 39. Qc3 Qc2 40. Qa5 Rxe1+ 41.
Qxe1 Qxc6 42. f3 Nf6 43. Be5 Nd7 44. Kh2 Nxe5 45. dxe5 Qc7 46. h5 a5 47. f4 a4
48. Qb4 Qd7 49. Qd6 Qe8 50. Kg1 Kg8 51. g4 fxg4 52. f5 Kf7 53. Qa6 exf5 54. Qg6+
Kf8 55. Qxf5+ Kg8 56. e6 a3 57. Qd5 Qe7 58. Qa8+ Qf8 59. Qa7 g3 0-1

[Event "Chigorin Memorial 2019"]
[Site "St Petersburg RUS"]
[Date "2019.10.06"]
[Round "2.2"]
[White "Ter-Sahakyan, Samvel"]
[Black "Gitelson, Arkady"]
[Result "1-0"]
[WhiteTitle "GM"]
[WhiteElo "2623"]
[BlackElo "2282"]
[WhiteFideId "13302531"]
[BlackFideId "34101257"]
[EventDate "2019.10.05"]

1. e4 c5 2. Nf3 Nc6 3. Bb5 e6 4. O-O Nge7 5. d4 cxd4 6. Nxd4 a6 7. Nxc6 Nxc6 8.
Bxc6 bxc6 9. c4 Be7 10. Nc3 O-O 11. e5 d5 12. exd6 Bxd6 13. Be3 Qc7 14. h3 c5
15. Qe2 Bb7 16. Rad1 Rad8 17. f3 Be5 18. Qf2 Bg3 19. Qe2 Be5 20. Qf2 Bg3 21. Qc2
Be5 22. Ne2 Bf6 23. b3 h6 24. Bf2 Qa5 25. Kh1 Bc6 26. Rfe1 Qb4 27. Nf4 Bd4 28.
Nd3 Qb6 29. Ne5 Be8 30. Bxd4 cxd4 31. Nd3 f6 32. c5 Qc6 33. Qc4 Bf7 34. Nb4 Qc7
35. Nxa6 Qa5 36. Qa4 Qxa4 37. bxa4 Ra8 38. Nc7 Rxa4 39. Nxe6 Rc8 40. Rxd4 Rxa2
41. Rd8+ Rxd8 42. Nxd8 Rc2 43. Re7 Bd5 44. Rc7 Kf8 45. Nc6 Bc4 46. Nd4 Rd2 47.
Nf5 Bf1 48. Rxg7 Rd5 49. Rg8+ Kf7 50. Nxh6+ Ke7 51. c6 Rc5 52. c7 Rxc7 53. Rg7+
Kd8 54. Nf7+ Ke7 55. Ng5+ Kd6 56. Ne4+ Kc6 57. Rxc7+ Kxc7 58. Nxf6 1-0

[Event "Chigorin Memorial 2019"]
[Site "St Petersburg RUS"]
[Date "2019.10.06"]
[Round "2.4"]
[White "Khismatullin, Denis"]
[Black "Khakimov, Timur"]
[Result "1-0"]
[WhiteTitle "GM"]
[BlackTitle "IM"]
[WhiteElo "2611"]
[BlackElo "2278"]
[WhiteFideId "4142578"]
[BlackFideId "4169115"]
[EventDate "2019.10.05"]

1. c4 Nf6 2. Nf3 e6 3. d4 Nc6 4. Nbd2 Bb4 5. a3 Bxd2+ 6. Qxd2 O-O 7. b4 a6 8.
Bb2 d5 9. e3 Qe7 10. Rc1 Rd8 11. Qc2 Bd7 12. Bd3 dxc4 13. Qxc4 Nd5 14. O-O a5
15. bxa5 Rxa5 16. Qc2 h6 17. Rfe1 Qd6 18. Nd2 Qe7 19. Nb3 Ra7 20. e4 Nf4 21. Bf1
Qg5 22. Re3 Nh5 23. d5 exd5 24. exd5 Qxd5 25. Rd1 Qg5 26. Rxd7 1-0

[Event "Chigorin Memorial 2019"]
[Site "St Petersburg RUS"]
[Date "2019.10.06"]
[Round "2.5"]
[White "Sichinava, Zviad"]
[Black "Petrosyan, Manuel"]
[Result "0-1"]
[BlackTitle "GM"]
[WhiteElo "2278"]
[BlackElo "2613"]
[WhiteFideId "24111716"]
[BlackFideId "13300857"]
[EventDate "2019.10.05"]

1. d4 Nf6 2. c4 e6 3. g3 c5 4. d5 exd5 5. cxd5 d6 6. Nc3 g6 7. Bg2 Bg7 8. Nh3
O-O 9. O-O Re8 10. Nf4 Nbd7 11. Qc2 a6 12. a4 Ne5 13. b3 Bd7 14. Rb1 Rc8 15. e4
b5 16. Nfe2 b4 17. f4 Neg4 18. Nd1 Nxd5 19. h3 Ngf6 20. g4 Nc7 21. Ng3 Bc6 22.
Nf2 Ne6 23. g5 Nd4 24. Qd3 Nd7 25. Be3 h5 26. gxh6 Bxh6 27. Bxd4 cxd4 28. Qxd4
Qh4 29. Ne2 Nc5 30. Ng4 Bg7 31. e5 Bxg2 32. Kxg2 dxe5 33. fxe5 f5 34. Rbc1 Ne6
35. Qd5 Rxc1 36. Rxc1 fxg4 37. Rc8 gxh3+ 38. Kh1 Rxc8 39. Qxe6+ Kh7 0-1

[Event "Chigorin Memorial 2019"]
[Site "St Petersburg RUS"]
[Date "2019.10.06"]
[Round "2.6"]
[White "Yandarbiev, Ruslan"]
[Black "Rozum, Ivan"]
[Result "0-1"]
[WhiteTitle "IM"]
[BlackTitle "GM"]
[WhiteElo "2278"]
[BlackElo "2596"]
[WhiteFideId "4115023"]
[BlackFideId "24104272"]
[EventDate "2019.10.05"]

1. e4 c5 2. Nf3 e6 3. d4 cxd4 4. Nxd4 a6 5. Bd3 Ne7 6. O-O g6 7. Nc3 Bg7 8. Nf3
Nbc6 9. Bf4 d6 10. Qd2 e5 11. Bh6 O-O 12. h3 Be6 13. Bxg7 Kxg7 14. Ng5 Qb6 15.
Rad1 Rad8 16. Kh2 Bc8 17. Na4 Qb4 18. Qxb4 Nxb4 19. Nb6 h6 20. Nf3 f5 21. a3
Nxd3 22. cxd3 Be6 23. Rfe1 Nc8 24. Nxc8 Rxc8 25. Rc1 Kf6 26. d4 Rxc1 27. dxe5+
dxe5 28. Rxc1 fxe4 29. Nd2 Bd5 30. Re1 Kf5 31. Nf1 Ke6 32. Kg3 g5 33. Ne3 h5 34.
Re2 Rf4 35. Rd2 Bb3 36. Kh2 Rf7 37. Kg3 h4+ 38. Kh2 Ba4 39. Ng4 Rf8 40. Ne3 Bb5
41. Kg1 Bd3 42. f3 Rc8 43. Kf2 Rc1 44. Ng4 Rc2 45. Rxc2 Bxc2 46. Ne3 Bd3 47. g3
exf3 48. gxh4 gxh4 49. Kxf3 Bf5 50. Ng2 Bxh3 51. Nxh4 Kd5 52. Ke3 Kc4 53. Ng6
Kb3 54. Nxe5 Kxb2 55. Nc4+ Kc3 56. Nb6 Bg2 57. a4 a5 58. Nc8 Kb4 59. Nb6 Bc6 60.
Kd4 Bxa4 61. Nd5+ Kb3 62. Nb6 Bb5 63. Kc5 Ba6 64. Kd4 a4 65. Nd7 a3 66. Nc5+ Kc2 0-1

[Event "Chigorin Memorial 2019"]
[Site "St Petersburg RUS"]
[Date "2019.10.06"]
[Round "2.7"]
[White "Smirin, Ilia"]
[Black "Gomes, Mary Ann"]
[Result "1-0"]
[WhiteTitle "GM"]
[BlackTitle "WGM"]
[WhiteElo "2599"]
[BlackElo "2268"]
[WhiteFideId "2801990"]
[BlackFideId "5013623"]
[EventDate "2019.10.05"]

1. e4 c5 2. Nf3 e6 3. d3 Nc6 4. g3 d6 5. Bg2 Nf6 6. O-O Be7 7. c4 O-O 8. Nc3 a6
9. h3 Rb8 10. a4 Ne8 11. d4 cxd4 12. Nxd4 Nxd4 13. Qxd4 b6 14. Rd1 Qc7 15. Be3
Nf6 16. b3 Nd7 17. Qd2 Bb7 18. Rac1 Rbc8 19. Bf4 Ne5 20. Ne2 Qb8 21. Nd4 Qa8 22.
Qe2 Nd7 23. b4 Rfe8 24. Nb3 Nf6 25. Bxd6 Nxe4 26. Bxe7 Rxe7 27. Qe3 h6 28. a5
Rec7 29. axb6 Rxc4 30. Na5 Rxb4 31. Nxb7 Rxc1 32. Qxc1 Qxb7 33. Qc7 Qxb6 34.
Rd8+ Kh7 35. Bxe4+ f5 36. Qxb6 Rxb6 37. Bd3 a5 38. Ra8 Rd6 39. Bf1 Kg6 40. Rxa5
Kf6 41. h4 g5 42. h5 g4 43. Ra8 Rd7 44. Rg8 Rg7 45. Re8 Kg5 46. Bc4 f4 47. Rxe6
fxg3 48. fxg3 Kxh5 1-0

[Event "Chigorin Memorial 2019"]
[Site "St Petersburg RUS"]
[Date "2019.10.06"]
[Round "2.8"]
[White "Ter-Saakian, Grigorii"]
[Black "Kokarev, Dmitry"]
[Result "0-1"]
[WhiteTitle "FM"]
[BlackTitle "GM"]
[WhiteElo "2277"]
[BlackElo "2601"]
[WhiteFideId "34136204"]
[BlackFideId "4132181"]
[EventDate "2019.10.05"]

1. e4 c5 2. Nf3 d6 3. d4 cxd4 4. Nxd4 Nf6 5. Nc3 a6 6. f3 e5 7. Nb3 Be6 8. Be3
Nbd7 9. Qd2 Be7 10. g4 h6 11. O-O-O b5 12. h4 Nb6 13. Na5 Qc7 14. Rg1 b4 15. Ne2
d5 16. g5 hxg5 17. hxg5 Nfd7 18. f4 dxe4 19. fxe5 Nd5 20. Nb3 Nxe5 21. Ned4 Rh2
22. Nxe6 fxe6 23. Qxh2 Nd3+ 24. Bxd3 Qxh2 25. Bxe4 O-O-O 26. Bd2 Qc7 27. Bd3 Qb6
28. Rde1 Nc7 29. Rg4 Qf2 30. Rf1 Qh2 31. Re4 Qg2 32. Rf7 Bxg5 33. Rc4 Qg1+ 34.
Bf1 Bxd2+ 35. Nxd2 Rd7 36. Rf8+ Kb7 37. Rxb4+ Ka7 38. Rf3 Rd4 39. Rbb3 Qg5 40.
Bd3 Rf4 41. Rxf4 Qxf4 42. Be4 a5 43. Rf3 Qe5 44. c3 Nd5 45. Rf7+ Kb8 46. c4 Ne3
47. Rb7+ Kc8 48. Rb5 Qf4 49. Rxa5 Nf1 50. Ra8+ Kc7 51. Ra7+ Kd8 52. Ra8+ Ke7 53.
Ra7+ Kf6 54. Rd7 Nxd2 55. Rxd2 Qxe4 0-1

[Event "Chigorin Memorial 2019"]
[Site "St Petersburg RUS"]
[Date "2019.10.06"]
[Round "2.10"]
[White "Bimiev, Ahmad"]
[Black "Yuffa, Daniil"]
[Result "0-1"]
[BlackTitle "GM"]
[WhiteElo "2266"]
[BlackElo "2577"]
[WhiteFideId "24102938"]
[BlackFideId "24131423"]
[EventDate "2019.10.05"]

1. c4 e5 2. g3 Nc6 3. Bg2 Bc5 4. Nc3 d6 5. e3 a6 6. Nge2 Ba7 7. b3 h5 8. d4 h4
9. Bxc6+ bxc6 10. dxe5 dxe5 11. Qxd8+ Kxd8 12. Ba3 Bg4 13. O-O-O+ Kc8 14. h3 Bf3
15. Rhg1 Nh6 16. g4 Kb7 17. Rd2 g5 18. c5 f5 19. gxf5 g4 20. hxg4 h3 21. Ng3 h2
22. Re1 Nxg4 23. b4 a5 24. Nh1 axb4 25. Bxb4 e4 26. Nd1 Rh5 27. Ng3 Rh3 28. Rb2
Ka6 29. Rb3 Bxd1 30. Kxd1 Nxf2+ 31. Ke2 Rxg3 32. Kxf2 Rag8 0-1

[Event "Chigorin Memorial 2019"]
[Site "St Petersburg RUS"]
[Date "2019.10.06"]
[Round "2.11"]
[White "Aleksandrov, Aleksej"]
[Black "Zabolotnov, Evgeny"]
[Result "1-0"]
[WhiteTitle "GM"]
[WhiteElo "2577"]
[BlackElo "2255"]
[WhiteFideId "13500139"]
[BlackFideId "34157619"]
[EventDate "2019.10.05"]

1. c4 c5 2. Nf3 Nc6 3. Nc3 Nd4 4. e3 Nxf3+ 5. Qxf3 g6 6. a3 Bg7 7. b4 d6 8. Bb2
Nh6 9. h4 O-O 10. Qd1 Be6 11. Be2 cxb4 12. axb4 d5 13. cxd5 Bxd5 14. O-O Nf5 15.
d4 Bxg2 16. Kxg2 e5 17. Rh1 exd4 18. exd4 Bxd4 19. Ra5 Re8 20. Bc4 Qf6 21. Rxf5
gxf5 22. Nd5 Qe5 23. Qxd4 Qxd4 24. Bxd4 1-0

[Event "Chigorin Memorial 2019"]
[Site "St Petersburg RUS"]
[Date "2019.10.06"]
[Round "2.12"]
[White "Bulavin, Alexander"]
[Black "Volkov, Sergey"]
[Result "1-0"]
[WhiteTitle "FM"]
[BlackTitle "GM"]
[WhiteElo "2256"]
[BlackElo "2557"]
[WhiteFideId "4178033"]
[BlackFideId "4122763"]
[EventDate "2019.10.05"]

1. e4 e6 2. d4 d5 3. exd5 exd5 4. Bf4 Bd6 5. Bg3 Nf6 6. Bd3 O-O 7. Ne2 Re8 8.
Nd2 Ne4 9. c3 Bf5 10. Bxe4 Bxe4 11. Nxe4 dxe4 12. O-O Nd7 13. Qb3 Nb6 14. Rfe1
Qd7 15. Rad1 a5 16. c4 a4 17. Qc2 Bb4 18. Nc3 Nxc4 19. Rxe4 Nb6 20. Rh4 h6 21.
Ne4 Nd5 22. Nc5 Qc6 23. a3 Bxc5 24. dxc5 b6 25. h3 bxc5 26. Kh2 Nf6 27. Rdd4 Qb5
28. Rxa4 Rxa4 29. Rxa4 Qf1 30. Qxc5 Re1 31. Bxc7 Qg1+ 32. Kg3 Re8 33. Qf5 Qd1
34. Rh4 Qc1 35. Be5 Qc5 36. f4 Qe3+ 37. Kh2 Ne4 38. Rg4 f6 39. Qd7 fxe5 40.
Qxg7# 1-0

[Event "Chigorin Memorial 2019"]
[Site "St Petersburg RUS"]
[Date "2019.10.06"]
[Round "2.13"]
[White "Goganov, Aleksey"]
[Black "Dimitrova, Aleksandra"]
[Result "1/2-1/2"]
[WhiteTitle "GM"]
[BlackTitle "WIM"]
[WhiteElo "2566"]
[BlackElo "2241"]
[WhiteFideId "24109959"]
[BlackFideId "24173371"]
[EventDate "2019.10.05"]

1. Nf3 Nf6 2. c4 e6 3. Nc3 d5 4. d4 Bb4 5. cxd5 exd5 6. Bg5 c6 7. Qc2 h6 8. Bh4
O-O 9. e3 Re8 10. Bd3 Be7 11. h3 Ne4 12. Bxe7 Qxe7 13. Bxe4 dxe4 14. Nd2 Bf5 15.
O-O Nd7 16. f3 Nf6 17. Rae1 Bh7 18. f4 b5 19. f5 b4 20. Na4 Qc7 21. Nc5 Re7 22.
Nc4 Rae8 23. g4 Nd5 24. Qh2 Qxh2+ 25. Kxh2 g6 26. Nd6 Rd8 27. f6 Rc7 28. Ndxe4
g5 29. Rf3 Bg6 30. Nd2 Rd6 31. Ref1 Nb6 32. Kg3 Kh7 33. h4 gxh4+ 34. Kxh4 Rc8
35. Kg3 Re8 36. Kf2 Nd5 37. Ke2 Nb6 38. Kd1 Rd5 39. Rh3 Rg5 40. Rfh1 h5 41. e4
Rxg4 42. a3 bxa3 43. Rxa3 Rd8 44. Ncb3 Bxe4 45. Rxh5+ Kg6 46. Re5 Bd5 47. Rxa7
Kxf6 48. Re1 Nc4 49. Kc1 Nxd2 50. Nxd2 Rxd4 51. Re2 Rh8 52. Kc2 Kg6 53. Kc3 Rg4
54. Re3 Rf4 55. Rg3+ Kf6 56. Ra1 Rh2 57. Rd3 Rg2 58. b3 Rfg4 59. Nc4 R4g3 60.
Rf1+ Kg7 61. Ne3 Be4 62. Nf5+ Bxf5 63. Rxf5 Rxd3+ 64. Kxd3 Rg6 65. Rf1 Re6 66.
Rg1+ Kf6 67. Rf1+ Ke7 68. Kd4 f6 69. Kc5 Kd7 70. Kb6 Rd6 71. Rf3 Re6 72. Rd3+
Ke7 73. Rf3 Kd6 74. Rd3+ Ke7 75. Rf3 Kf7 76. Kc7 Ke7 1/2-1/2

[Event "Chigorin Memorial 2019"]
[Site "St Petersburg RUS"]
[Date "2019.10.06"]
[Round "2.14"]
[White "Ilyasli, Ughur"]
[Black "Sivuk, Vitaly"]
[Result "0-1"]
[WhiteTitle "CM"]
[BlackTitle "GM"]
[WhiteElo "2243"]
[BlackElo "2559"]
[WhiteFideId "13416197"]
[BlackFideId "14116502"]
[EventDate "2019.10.05"]

1. d4 Nf6 2. c4 e6 3. Nf3 d5 4. Nc3 Nbd7 5. Bg5 h6 6. Bh4 c6 7. e3 g5 8. Bg3 Nh5
9. Be5 Ng7 10. Bd3 g4 11. Nd2 Nxe5 12. dxe5 Qg5 13. O-O Qxe5 14. Qxg4 Bd6 15.
Nf3 Qf6 16. cxd5 exd5 17. Qa4 Kf8 18. e4 Ne6 19. exd5 Nc5 20. Qd1 Rg8 21. g3 Bh3
22. Re1 Rd8 23. Ne4 Nxe4 24. Bxe4 cxd5 25. Bxd5 Bc5 26. Qb3 Rg4 27. Rac1 Rb4 28.
Qa3 b6 29. Re5 Rc4 30. b4 Bxb4 31. Qb2 Rxc1+ 32. Qxc1 Kg7 33. Qe3 Bd6 34. Rh5
Bc5 35. Qe4 Qb2 36. Qe5+ Qxe5 37. Rxe5 f6 38. Rh5 Bg4 39. Rh4 f5 40. h3 Be7 41.
hxg4 Bxh4 42. Be6 Be7 43. gxf5 Bc5 0-1

[Event "Chigorin Memorial 2019"]
[Site "St Petersburg RUS"]
[Date "2019.10.06"]
[Round "2.15"]
[White "Vorobiov, Evgeny E."]
[Black "Petrushev, Nikita"]
[Result "1-0"]
[WhiteTitle "GM"]
[WhiteElo "2552"]
[BlackElo "2233"]
[WhiteFideId "4121341"]
[BlackFideId "34117803"]
[EventDate "2019.10.05"]

1. Nf3 Nf6 2. c4 g6 3. Nc3 d5 4. Qa4+ Nc6 5. Nd4 Qd7 6. cxd5 Nxd5 7. Nxd5 Qxd5
8. Nxc6 Qxc6 9. Qxc6+ bxc6 10. e3 Bg7 11. Bc4 O-O 12. Rb1 Rd8 13. d3 Rb8 14. Ke2
c5 15. b3 Be5 16. Ba3 Bd6 17. Bb2 Bb7 18. f3 Kf8 19. g4 h6 20. h4 e5 21. g5 h5
22. Rhf1 Re8 23. Rbc1 Bc6 24. Bc3 Bb5 25. Bd2 Bd7 26. e4 Bh3 27. Rf2 Be6 28. Be3
Bd7 29. Rff1 Bh3 30. Rh1 Bd7 31. Bd5 c6 32. Bc4 Ke7 33. Rhf1 Rf8 34. Kd2 Bh3 35.
Rf2 Bd7 36. f4 exf4 37. Bxf4 Bxf4+ 38. Rxf4 f6 39. gxf6+ Rxf6 40. Rxf6 Kxf6 41.
Rf1+ Ke5 42. Rf7 Rd8 43. Ke3 a5 44. a3 Be6 45. Re7 Rd6 46. Re8 Kf6 47. Kf4 Bxc4
48. e5+ Kf7 49. exd6 Kxe8 50. dxc4 1-0

[Event "Chigorin Memorial 2019"]
[Site "St Petersburg RUS"]
[Date "2019.10.06"]
[Round "2.16"]
[White "Silich, Yahor"]
[Black "Moroni, Luca Jr"]
[Result "0-1"]
[WhiteTitle "FM"]
[BlackTitle "GM"]
[WhiteElo "2131"]
[BlackElo "2553"]
[WhiteFideId "13513656"]
[BlackFideId "865834"]
[EventDate "2019.10.05"]

1. e4 e5 2. Nf3 Nc6 3. Bc4 Bc5 4. O-O Nf6 5. d3 d6 6. c3 a6 7. a4 Ba7 8. Nbd2 h6
9. Re1 g5 10. b4 Nh5 11. Nb3 Qf6 12. b5 g4 13. bxc6 gxf3 14. d4 bxc6 15. Be3 Bg4
16. dxe5 dxe5 17. Bxa7 Nf4 18. g3 Nh3+ 19. Kh1 Rxa7 20. Ra2 h5 21. Nd4 h4 22.
gxh4 exd4 0-1

[Event "Chigorin Memorial 2019"]
[Site "St Petersburg RUS"]
[Date "2019.10.06"]
[Round "2.17"]
[White "Bocharov, Ivan"]
[Black "Azimov, Ilyas"]
[Result "1-0"]
[WhiteTitle "IM"]
[WhiteElo "2557"]
[BlackElo "2229"]
[WhiteFideId "4180887"]
[BlackFideId "24175226"]
[EventDate "2019.10.05"]

1. e4 c5 2. Nf3 d6 3. d4 cxd4 4. Nxd4 Nf6 5. Nc3 a6 6. Bg5 e6 7. f4 Be7 8. Qf3
Nbd7 9. O-O-O Qc7 10. g4 h6 11. Bxf6 Bxf6 12. h4 g6 13. g5 hxg5 14. hxg5 Bxd4
15. Rxd4 Rxh1 16. Qxh1 Qc5 17. Qh8+ Nf8 18. Qf6 Bd7 19. Nd1 b5 20. c3 Rc8 21.
Ne3 Bc6 22. Kd2 Bb7 23. Bh3 Nd7 24. Qg7 Ke7 25. Ng4 Rf8 26. Nf6 Bc6 27. Bxe6
Nxf6 28. gxf6+ Ke8 29. Bxf7+ 1-0

[Event "Chigorin Memorial 2019"]
[Site "St Petersburg RUS"]
[Date "2019.10.06"]
[Round "2.18"]
[White "Tsaruk, Maksim"]
[Black "Iljiushenok, Ilia"]
[Result "0-1"]
[BlackTitle "GM"]
[WhiteElo "2230"]
[BlackElo "2540"]
[WhiteFideId "13511173"]
[BlackFideId "24105074"]
[EventDate "2019.10.05"]

1. e4 e6 2. d4 d5 3. Nd2 c5 4. Ngf3 cxd4 5. Nxd4 Nf6 6. Bd3 e5 7. N4f3 dxe4 8.
Nxe4 Nxe4 9. Bxe4 Qxd1+ 10. Kxd1 f6 11. Ke2 Bc5 12. Rd1 Nc6 13. Rd3 Ke7 14. Be3
Bxe3 15. Kxe3 Be6 16. Rc3 Rac8 17. Nd2 Rhe8 18. Nb3 Nb4 19. Rxc8 Rxc8 20. c3
Nd5+ 21. Bxd5 Bxd5 22. f3 Ke6 23. Nd2 g5 24. h3 h5 25. c4 Bc6 26. b4 f5 27. a4
Be8 28. Ra3 Bg6 29. Rc3 f4+ 30. Ke2 g4 31. hxg4 hxg4 32. g3 gxf3+ 33. Kxf3 Bh5+
34. Kf2 Rd8 35. Ke1 Kf5 36. gxf4 exf4 37. c5 Re8+ 38. Kf1 Be2+ 39. Kf2 Bd1 40.
Nc4 Kg4 41. b5 Re2+ 42. Kf1 Re7 43. c6 bxc6 44. bxc6 Rc7 45. a5 Ba4 46. Ne5+ Kf5
47. Rc5 Ke6 48. Kf2 Kd6 49. Nd3 Bxc6 50. Nxf4 Rf7 51. Rc4 Rf5 52. Rd4+ Kc5 53.
Ke3 Kb5 54. Nd3 Kxa5 55. Rf4 Rh5 56. Kd4 Bb5 57. Rf7 Rh4+ 58. Kc3 Rh3 59. Rxa7+
Kb6 60. Ra8 Rxd3+ 61. Kc2 Kc5 62. Rc8+ Kb4 63. Kb2 Rf3 64. Rc2 Bd3 65. Rd2 Kc4
66. Rh2 Be4 67. Re2 Kd3 68. Rc2 Rf8 69. Rc3+ Kd4 70. Rb3 Bd3 71. Rc3 Ra8 72. Ra3
Rc8 73. Ra4+ Bc4 74. Ra7 Rb8+ 75. Kc2 Bd3+ 76. Kc1 Rb1+ 77. Kd2 Rb2+ 78. Kc1 Rh2
79. Rd7+ Kc3 80. Rc7+ Bc4 81. Rd7 Rg2 82. Rd8 Ra2 83. Rb8 Ba6 84. Rb6 Bd3 85.
Rc6+ Bc4 86. Rb6 Rc2+ 87. Kb1 Re2 88. Ka1 Ra2+ 89. Kb1 Ra5 90. Kc1 Bb5 91. Kb1
Bd3+ 92. Kc1 Ra1+ 93. Rb1 Rxb1# 0-1

[Event "Chigorin Memorial 2019"]
[Site "St Petersburg RUS"]
[Date "2019.10.06"]
[Round "2.19"]
[White "Lintchevski, Daniil"]
[Black "Tarasov, Ilya"]
[Result "1/2-1/2"]
[WhiteTitle "GM"]
[WhiteElo "2540"]
[BlackElo "2227"]
[WhiteFideId "4171055"]
[BlackFideId "24157945"]
[EventDate "2019.10.05"]

1. e4 d6 2. d4 Nf6 3. Nc3 g6 4. g3 Bg7 5. Bg2 O-O 6. Nge2 Nbd7 7. h3 c5 8. Be3
Rb8 9. dxc5 dxc5 10. f4 b6 11. e5 Ne8 12. Qd2 Bb7 13. Bxb7 Rxb7 14. O-O-O Qc8
15. Ne4 Nb8 16. N2c3 Rd7 17. Qg2 Nc7 18. Rxd7 Qxd7 19. Rd1 Qc8 20. g4 Rd8 21.
Rxd8+ Qxd8 22. Qd2 Qxd2+ 23. Kxd2 Nc6 24. a4 Kf8 25. Ng5 h6 26. Nf3 Ke8 27. Bf2
Kd7 28. Bg3 Ke6 29. Ne2 Kd5 30. b3 c4 31. Nc3+ Kc5 32. Na2 cxb3 33. cxb3 Kd5 34.
Kd3 Na6 35. Nc3+ Kc5 36. Bf2+ Kb4 37. Kc2 Ka3 38. Nd2 Nab4+ 39. Kb1 Nd3 40. Be3
f6 41. exf6 Bxf6 42. Nd5 Bd4 43. f5 gxf5 44. gxf5 Bxe3 45. Nxe3 Nd4 46. Nc2+
Nxc2 47. Kxc2 Nf4 48. Kc3 Nxh3 49. Nc4+ Ka2 50. Ne5 Ng5 51. Kd3 Kxb3 52. Nc6
Kxa4 53. Nxa7 b5 54. Nc6 b4 55. Nxe7 b3 56. Nd5 Ka3 57. f6 b2 58. Nc3 Nf7 59.
Kc2 h5 60. Nd1 h4 61. Nxb2 h3 62. Nd3 h2 63. Nf2 Kb4 64. Kd3 Kc5 65. Ke4 Kd6 66.
Kf3 Ke6 67. Kg2 Kxf6 1/2-1/2

[Event "Chigorin Memorial 2019"]
[Site "St Petersburg RUS"]
[Date "2019.10.06"]
[Round "2.20"]
[White "Dubrovin, Robert"]
[Black "Svetushkin, Dmitry"]
[Result "0-1"]
[BlackTitle "GM"]
[WhiteElo "2224"]
[BlackElo "2534"]
[WhiteFideId "4501829"]
[BlackFideId "13900463"]
[EventDate "2019.10.05"]

1. d4 Nf6 2. c4 e6 3. Nf3 Bb4+ 4. Bd2 a5 5. g3 d6 6. Bg2 Nbd7 7. O-O e5 8. Nc3
O-O 9. Rc1 Re8 10. Bg5 Bxc3 11. Rxc3 e4 12. Ne1 h6 13. Bxf6 Nxf6 14. Nc2 d5 15.
Ne3 Be6 16. cxd5 Nxd5 17. Nxd5 Bxd5 18. Qc2 c6 19. e3 Re6 20. a4 h5 21. Rb1 Qe7
22. Bf1 h4 23. Bc4 Rd8 24. Bxd5 Rxd5 25. Rc5 Qg5 26. Rxd5 cxd5 27. Qe2 Rc6 28.
Kg2 Qf5 29. gxh4 Rh6 30. h3 Rxh4 31. Rh1 Rh6 32. h4 g5 33. h5 Kh7 34. Kg3 Rf6
35. Rh2 Kh6 36. Qd1 Qc8 37. Qd2 Qg4+ 38. Kxg4 Rf3 0-1